书目信息 |
| 题名: |
Photoshop Elements(中文版)使用教程
|
|
| 作者: | ;源泉计算机工作室 编著 | |
| 分册: | ||
| 出版信息: | 北京 机械工业出版社 2002 |
|
| 页数: | 269页 | |
| 开本: | 26cm | |
| 丛书名: | 图形图像专家丛书 | |
| 单 册: | ||
| 中图分类: | TP391.41 | |
| 科图分类: | ||
| 主题词: | 图象处理--应用软件--教材 | |
| 电子资源: | ||
| ISBN: | 7-111-10276-2 | |
| 000 | 01002oam2 2200265 450 | |
| 001 | 2430718495 | |
| 005 | 20240627083243.75 | |
| 010 | @a7-111-10276-2@dCNY30.00 | |
| 035 | @a(011001)c2002046690 | |
| 100 | @a20020704d2002 em y0chiy0110 ea | |
| 101 | 0 | @achi |
| 102 | @aCN@b110000 | |
| 105 | @aa z 000yy | |
| 200 | 1 | @aPhotoshop Elements(中文版)使用教程 @9Photoshop Elements( zhong wen ban ) shi yong jiao cheng @f源泉计算机工作室编著 |
| 210 | @a北京@c机械工业出版社@d2002 | |
| 215 | @a269页@c照片@d26cm | |
| 225 | 2 | @a图形图像专家丛书 |
| 330 | @a本书全面系统地介绍了Photoshop Elements(中文版)软件的功能和使用技巧。全书共分12章,内容包括Photoshop Elements简介、浏览工具箱、基本编辑命令、文件操作、图像操作等。 | |
| 461 | 0 | @12001 @a图形图像专家丛书 |
| 606 | 0 | @a图象处理@x应用软件@j教材 |
| 610 | 0 | @aPhotoshop |
| 690 | @aTP391.41@v4 | |
| 711 | 02 | @a源泉计算机工作室@9yuan quan ji suan ji gong zuo shi@4编著 |
| 801 | 0 | @aCN@b河南城建学院图书馆@c20020704 |
| 905 | @a10447@dTP391.41@eY935 | |
| Photoshop Elements(中文版)使用教程 /源泉计算机工作室编著.-北京:机械工业出版社,2002 |
| 269页:照片;26cm.-(图形图像专家丛书) |
| ISBN 7-111-10276-2:CNY30.00 |
| 本书全面系统地介绍了Photoshop Elements(中文版)软件的功能和使用技巧。全书共分12章,内容包括Photoshop Elements简介、浏览工具箱、基本编辑命令、文件操作、图像操作等。 |
| ● |
| 相关链接 |
|
|
|
正题名:Photoshop Elements(中文版)使用教程
索取号:TP391.41/Y935
 
预约/预借
| 序号 | 登录号 | 条形码 | 馆藏地/架位号 | 状态 | 备注 |
| 1 | 1552872 | 215528720 | 自科库301/301自科库 68排2列2层/ [索取号:TP391.41/Y935] | 在馆 |